Gaming Quiz

Random Gaming or Pokémon Quiz

All Pokemon Resisting Steel Quiz Stats

 Plays Quiz not verified by Sporcle

Support Sporcle.
Go Orange.
Score 0/289 Timer 20:00
0 Plays Today
Gen Pokemon % Correct
ICharmander
98.6%
ICharizard (Mega Charizard X & Mega Charizard Y as well)
98.6%
IIQuilava
98.6%
IITotodile
98.6%
IMagnemite
98.6%
IMagneton
98.6%
IGalar Meowth
98.6%
ICharmeleon
98.4%
IICyndaquil
98.4%
IITyphlosion
98.4%
ISquirtle
98.4%
IBlastoise (Mega Blastoise as well)
98.4%
IICroconaw
98.4%
IIFeraligatr
98.4%
IWartortle
98.3%
IPikachu
98.3%
IVaporeon
97.9%
IVEmpoleon
97.9%
IRaichu (Alola Raichu as well)
97.9%
VIIIPerrserker
97.9%
IPoliwag
97.7%
IPoliwhirl
97.7%
IPoliwrath
97.7%
IVPiplup
97.7%
IVPrinplup
97.7%
IMagmar
97.6%
IVArceus (Fire, Water, Electric or Steel-type)
97.6%
VEmboar
97.6%
IGoldeen
97.6%
ISeaking
97.6%
IIPichu
97.6%
IIMagby
97.4%
IVChimchar
97.4%
IVMonferno
97.4%
IVInfernape
97.4%
IVMagmortar
97.4%
VTepig
97.4%
VPignite
97.4%
IIIMudkip
97.4%
IJolteon
97.4%
IVulpix
97.2%
IGrowlithe
97.2%
IArcanine
97.2%
IIIMarshtomp
97.2%
IIISwampert (Mega Swampert as well)
97.2%
INinetales
97%
IPonyta
97%
IRapidash
97%
IFlareon
97%
IIICombusken
97%
IIIBlaziken (Mega Blaziken as well)
97%
IElectabuzz
97%
IIElekid
97%
IIIMetagross (Mega Metagross as well)
97%
IIITorchic
96.9%
IMagikarp
96.9%
IVManaphy
96.9%
VOshawott
96.9%
VDewott
96.9%
IIIMetang
96.9%
IIIBeldum
96.9%
VPansear
96.7%
VSimisear
96.7%
IHorsea
96.7%
ISeadra
96.7%
IGyarados (Mega Gyarados as well)
96.7%
IVPhione
96.7%
VSamurott
96.7%
IVoltorb
96.7%
IElectrode
96.7%
IVRotom (Normal, Fan, Heat, Mow & Wash)
96.5%
IIChinchou
96.5%
IIPolitoed
96.5%
VPanpour
96.5%
VSimipour
96.5%
VReshiram
96.3%
IILanturn
96.3%
IIKingdra
96.3%
VZekrom
96.3%
VKlink
96.3%
VVictini
96.2%
IStaryu
96.2%
IStarmie
96.2%
IIMantine
96.2%
IIICarvanha
96.2%
IIISharpedo (Mega Sharpedo as well)
96.2%
VKlang
96.2%
VKlinklang
96.2%
IIEntei
96%
IVHeatran
96%
ITentacool
96%
ITentacruel
96%
ISlowpoke
96%
ISlowbro (Mega Slowbro as well)
96%
IVElectivire
96%
VIISilvally (Type: Fire, Water, Electric or Steel)
96%
IMoltres
95.8%
Gen Pokemon % Correct
IIICamerupt (Mega Camerupt as well)
95.8%
IVMagnezone
95.8%
IIINumel
95.7%
VIFennekin
95.7%
VIBraixen
95.7%
IPsyduck
95.7%
IGolduck
95.7%
IISuicune
95.7%
IVPalkia
95.7%
IIIPlusle
95.7%
IIIMinun
95.7%
IISkarmory
95.7%
VIIMeltan
95.7%
VIITogedemaru
95.6%
VIDelphox
95.5%
IISlowking
95.5%
IIIWailmer
95.5%
IVMantyke
95.5%
VIFroakie
95.5%
VIFrogadier
95.5%
VIGreninja (Ash-Greninja as well)
95.5%
IVDialga
95.5%
IIHoundour
95.3%
IIHoundoom (Mega Houndoom as well)
95.3%
IIIWailord
95.3%
IZapdos
95.3%
IIForretress
95.3%
VIIMelmetal
95.2%
VIILitten
95.1%
IIICorphish
95.1%
IIICrawdaunt
95.1%
VEelektross
95.1%
IIScizor (Mega Scizor as well)
95.1%
VIIIScorbunny
95%
VIIICinderace
95%
VIIIInteleon
95%
IIIElectrike
95%
VFerroseed
95%
VFerrothorn
95%
VCobalion
95%
VIIIncineroar
94.9%
IIMareep
94.8%
IIIManectric (Mega Manectric as well)
94.8%
VTynamo
94.8%
IISteelix (Mega Steelix as well)
94.8%
VIITorracat
94.7%
IIIClamperl
94.6%
IIIHuntail
94.6%
IIIGorebyss
94.6%
IIFlaaffy
94.6%
VEmolga
94.6%
VEelektrik
94.6%
VDurant
94.6%
VIIPopplio
94.5%
IKingler
94.4%
IIILuvdisc
94.4%
IIAmpharos (Mega Ampharos as well)
94.4%
IVShinx
94.4%
IVLuxio
94.4%
IVLuxray
94.4%
IIIRegisteel
94.4%
VGenesect
94.4%
VIIIRaboot
94.3%
IIHo-Oh
94.3%
ISeel
94.3%
IShellder
94.3%
IKrabby
94.3%
IVPachirisu
94.3%
IIOctillery
94.1%
VIIBrionne
94.1%
VVolcarona
93.9%
IIQwilfish
93.9%
IVBuizel
93.9%
IVFloatzel
93.9%
VKeldeo
93.9%
VJoltik
93.9%
VGalvantula
93.9%
IISlugma
93.7%
VDarmanitan (Darmanitan-Zen as well)
93.7%
VLarvesta
93.7%
IIRemoraid
93.7%
IVFinneon
93.7%
IVLumineon
93.7%
VBlitzle
93.7%
VZebstrika
93.7%
IVBronzor
93.7%
VIIISobble
93.6%
VIIIZamazenta (Crowned Shield)
93.6%
VDarumaka
93.6%
VHeatmor
93.6%
IIIKyogre (Primal Kyogre as well)
93.6%
IVBronzong
93.6%
VIICelesteela
93.5%
VChandelure
93.2%
IVBibarel
93.2%
IIIJirachi
93.2%
VBasculin
93%
Gen Pokemon % Correct
VEscavalier
93%
VPawniard
93%
VBisharp
93%
VLitwick
92.9%
VLampent
92.9%
IIIBarboach
92.9%
IIIWhiscash
92.9%
IIIFeebas
92.9%
IIIMilotic
92.9%
VTympole
92.9%
IIRaikou
92.9%
VIIKartana
92.8%
VPalpitoad
92.7%
VSeismitoad
92.7%
VFrillish
92.7%
VJellicent
92.7%
VIINecrozma (Dusk Mane)
92.7%
VIIBlacephalon
92.7%
IIILotad
92.5%
IIILombre
92.5%
IIIPrimal Groudon
92.3%
IIWooper
92.3%
IIQuagsire
92.3%
IIILudicolo
92.3%
IIICastform (Sunny & Rainy Form)
92.3%
VIIIDrizzile
92.2%
IAlola Marowak
92.2%
IVGastrodon
92.2%
VIDoublade
92.2%
VIAegislash
92.2%
IVShellos
92%
VThundurus
92%
VIHonedge
92%
VIICharjabug
92%
VIIAraquanid
91.8%
VIIZeraora
91.7%
IIIWingull
91.7%
IIIPelipper
91.7%
VIIVikavolt
91.6%
IAlola Diglett
91.6%
IAlola Dugtrio
91.6%
IIITorkoal
91.5%
VILitleo
91.5%
VIPyroar
91.5%
VIHelioptile
91.5%
VIHeliolisk
91.5%
VExcadrill
91.5%
VIIDewpider
91.4%
VIISolgaleo
91.1%
IIISurskit
91%
VAlomomola
90.8%
IVLucario (Mega Lucario as well)
90.8%
VIClauncher
90.6%
VIClawitzer
90.6%
VIIIUrshifu (Rapid Strike Style)
90.6%
VIFletchinder
90.4%
VITalonflame
90.4%
VISkrelp
90.1%
VIISalandit
90.1%
VIISalazzle
90.1%
VIIWimpod
90.1%
VIIGolisopod
90.1%
VIIISizzlipede
90.1%
VIIICentiskorch
90.1%
VIIIDracovish
90.1%
VIIWishiwashi
89.7%
VIVolcanion
89.6%
VIIXurkitree
89.5%
VIIIDuraludon
89.4%
VIIMareanie
89%
VIIToxapex
89%
VIIBruxish
89%
VIITurtonator
88.8%
VIIICorviknight
88.7%
IVWormadam (Trash Cloak)
88%
VIIICufant
87.9%
VIIICopperajah
87.9%
VIIOricorio (Baile or Pom-Pom Style)
87.6%
VSwanna
87.5%
VDucklett
87.3%
VIIIBarraskewda
87.2%
VIIIToxtricity
87.2%
VIIIDracozolt
87.2%
VIIICramorant
86.5%
VIIIToxel
86.5%
VStunfisk (Galar Stunfisk as well)
86.4%
VIIPyukumuku
86.3%
VIIIChewtle
85.8%
VIIIArrokuda
85.8%
VIIIBoltund
84.4%
IIIMega Aggron
84.3%
VIIIYamper
83.7%
VIIIMorpeko
83%
VIIIRegieleki
82.7%
VIIIPincurchin
71.6%

You're not logged in!

Compare scores with friends on all Sporcle quizzes.
OR
Log In

From the Vault

TV Series by Wives

by llgrmm

These fictional wives seem much less scary than any 'real housewives' we can think of.
Remove Ads.
Support Sporcle.
Get the best of Sporcle when you Go Orange. This ad-free experience offers more features, more stats, and more fun while also helping to support Sporcle. Thank you for becoming a member.

Show Comments

Extras

Created Jan 29, 2016ReportNominate
Tags:Pokémon Quiz, attack, gen, immune, steel

Top Quizzes Today


Score Distribution

Your Account Isn't Verified!

In order to create a playlist on Sporcle, you need to verify the email address you used during registration. Go to your Sporcle Settings to finish the process.

Report this User

Report this user for behavior that violates our Community Guidelines.

Details: